000 00627nam a2200205Ii 4500
001 4964
003 CO-ViMGA
008 241108s9999||||xx |||||||||||||| ||und||
040 _aCO-ViMGA
_bspa
_erda
_cCO-ViMGA
041 0 _aunk
082 0 4 _a669.95028 D817p
100 1 _aEduardo J. Dubox
_954250
245 1 0 _aPrácticas de metalografia
264 1 _a[Lugar de publicación no identificado] : Centro Regional de Ayuda Técnica, 1974
300 _avolumen
336 _atext
_btxt
_2rdacontent
337 _aunmediated
_bn
_2rdamedia
338 _avolume
_bnc
_2rdacarrier
940 _aidficha_siabuc: 4836. -- ficha_no_siabuc:4964
999 _c51160
_d51160